World history from 1914 to 1964.// (Record no. 112308)
[ view plain ]
| 000 -LEADER | |
|---|---|
| fixed length control field | 00485nam a22001817a 4500 |
| 003 - CONTROL NUMBER IDENTIFIER | |
| control field | BD-ChCU |
| 005 - DATE AND TIME OF LATEST TRANSACTION | |
| control field | 20260421112601.0 |
| 008 - FIXED-LENGTH DATA ELEMENTS--GENERAL INFORMATION | |
| fixed length control field | 260421b bg ||||| |||| 00| 0 ben d |
| 040 ## - CATALOGING SOURCE | |
| Transcribing agency | BD-ChCU |
| 082 ## - DEWEY DECIMAL CLASSIFICATION NUMBER | |
| Classification number | 909.82 THW |
| 100 ## - MAIN ENTRY--PERSONAL NAME | |
| Personal name | Thomson, David. |
| 9 (RLIN) | 21695 |
| 245 ## - TITLE STATEMENT | |
| Title | World history from 1914 to 1964.// |
| Statement of responsibility, etc. | David Thomson. |
| 250 ## - EDITION STATEMENT | |
| Edition statement | 3rd ed. |
| 260 ## - PUBLICATION, DISTRIBUTION, ETC. | |
| Place of publication, distribution, etc. | London. |
| Name of publisher, distributor, etc. | Oxford University Press. |
| Date of publication, distribution, etc. | 1969 |
| 300 ## - PHYSICAL DESCRIPTION | |
| Extent | x, 166p |
| 650 #0 - SUBJECT ADDED ENTRY--TOPICAL TERM | |
| Topical term or geographic name entry element | World History. |
| 9 (RLIN) | 21697 |
| 942 ## - ADDED ENTRY ELEMENTS (KOHA) | |
| Source of classification or shelving scheme | Dewey Decimal Classification |
| Koha item type | Books |
| Suppress in OPAC | No |
| Withdrawn status | Lost status | Source of classification or shelving scheme | Damaged status | Not for loan | Home library | Current library | Shelving location | Date acquired | Source of acquisition | Total Checkouts | Full call number | Barcode | Date last seen | Copy number | Price effective from | Koha item type |
|---|---|---|---|---|---|---|---|---|---|---|---|---|---|---|---|---|
| Dewey Decimal Classification | Chittagong University Library | Chittagong University Library | Arts and Humanities Reading Room | 04/21/2026 | Purchase | 909.82 THW | 58145 | 04/21/2026 | C-1 | 04/21/2026 | Books | |||||
| Dewey Decimal Classification | Chittagong University Library | Chittagong University Library | Arts and Humanities Reading Room | 04/21/2026 | Purchase | 909.82 THW | 58686 | 04/21/2026 | C-2 | 04/21/2026 | Books |